| 000 | 01211cam a22002651 4500 | ||
|---|---|---|---|
| 001 | hew65000115 | ||
| 003 | DLC | ||
| 005 | 20260227111514.0 | ||
| 008 | 781205s1965 dcu f000 0 eng c | ||
| 010 | _ahew65000115 | ||
| 035 | _a(OCoLC)4421375 | ||
| 040 |
_aU.S. Dept. of Health, Education, and Welfare. Library _cODaU _dDLC |
||
| 042 | _apremarc | ||
| 050 | 0 | 0 |
_aL111 _b.A614 no. 50 |
| 051 |
_aLB3218.A1 _bC59 |
||
| 100 | 1 | _aCollins, George J. | |
| 245 | 1 | 0 |
_aConditions of public school plants, 1964-65, _cby George J. Collins and William L. Stormer. |
| 260 |
_a[Washington, _bU.S. Dept. of Health, Education, and Welfare, Office of Education; _b[for sale by the Superintendent of Documents, U.S. Govt. Print. Off., _c1965] |
||
| 300 |
_avi, 38 p. _c29 cm. |
||
| 410 | 1 | 0 |
_aUnited States. _bOffice of Education. _tMisc[ellaneous] _vno. 50 |
| 500 | _a"OE-21033." | ||
| 501 |
_aL111.A614 with: State programs for public school support / Albert R. Munse. Washington : U.S. Dept. of Health, Education, and Welfare, Office of Education, 1965. Bound together subsequent to publication. _5DLC |
||
| 650 | 0 |
_aSchool buildings _zUnited States _xStatistics |
|
| 700 | 1 |
_aStormer, William Lee, _d1929- _ejoint author. |
|
| 999 |
_c34559 _d34559 |
||